Movie General Knowledge #6 - Statistics

General Stats
  • This quiz has been taken 18 times
  • The average score is 6 of 15
Answer Stats
Hint Answer % Correct
Which actor plays Spiderman in "The Amazing Spiderman" movies? Andrew Garfield
81%
Who played "Detective Rick Deckard" in Blade Runner? Harrison Ford
81%
What year did these Jim Carey blockbusters come out in? The Mask, Dumb and Dumber, Ace Ventura: Pet Decective. 1994
75%
Who is the first woman of color to win Best Actress at the Oscars? Halle Berry
56%
What is the first foreign language film to win best picture at the Oscars? Parasite
50%
Which Martin Scorcese movie has the most F-Bombs? The Wolf of Wallstreet
44%
What is the highest grossing movie when taking account for inflation? Gone with the Wind
38%
What basketball movie is also the nickname/mascot of a Big 10 school? Hoosiers
38%
Which actor is known as the actor "of doom and despair"? Jake Gyllenhaal
25%
Who directed "Silence of the Lambs"? Jonathan Demme
19%
Who played Wendy Torrance in "The Shining"? Shelley Duvall
19%
Name one of the "Star Wars" characters in "Raiders of the Lost Ark". C-3PO, R2-D2
13%
What is the highest grossing war movie of all time? Oppenheimer
13%
What was the highest grossing movie in 2005? Harry Potter and the Goblet of Fire
6%
Which movie director also played wide receiver at Sacramento State? (112 Receptions) Ryan Coogler
0%
No matching quizzes found
Score Distribution
Percent of People with Each Score
Percentile by Number Answered
Your Score History
You have not taken this quiz